[Event "Golden Sands Europe op 3rd"]
[Site "Golden Sands"]
[Date "2014.06.13"]
[Round "4"]
[White "Armaan, Jal Gala"]
[Black "Maneklal, Tushar"]
[Result "1-0"]
[WhiteElo "1750"]
[BlackElo "1401"]
[PlyCount "57"]
[EventDate "2014.06.10"]
[EventType "swiss"]
[EventRounds "9"]
[EventCountry "BUL"]
[SourceTitle "CBM 160 Extra"]
[Source "ChessBase"]
[SourceDate "2014.07.01"]
[SourceVersion "1"]
[SourceVersionDate "2014.07.01"]
[SourceQuality "1"]

1. d4 d5 2. Nf3 Nf6 3. e3 g6 4. Bd3 Bg7 5. Nbd2 Nc6 6. c3 0-0 7. 0-0 Re8 8. Ne5 Qd6 9. Bb5 a6 10. Qa4 Bd7 11. Bxc6 Bxc6 12. Nxc6 Ng4 13. Nf3 bxc6 14. b3 f6 15. Ba3 c5 16. Bxc5 Qe6 17. c4 c6 18. h3 Nxe3 19. Rfe1 f5 20. Rxe3 Qf6 21. Rae1 Ra7 22. Bxa7 g5 23. Re6 Qf7 24. Nxg5 Qh5 25. f4 Qh4 26. Qxc6 Qxf4 27. Qxe8+ Bf8 28. Qf7+ Kh8 29. Qxh7# 1-0